Демонът и сеньорита Прим (Запис номер 33061)
[ съкратено ]
| 000 -Лидер | |
|---|---|
| Контролно поле с фиксирана дължина | 01525nam a2200337 c 4500 |
| 003 - Код на организацията, давaща контролен номер | |
| Контролно поле | BLK |
| 005 - Дата и час на последна редакция | |
| Контролно поле | 20240318105504.0 |
| 008 - Елементи от данни с фиксирана дължина | |
| fixed length control field | 180408b bul|||||r ||||||| ||bul|| |
| 010 ## - Наследен системен номер | |
| LC control number | KNG00035744000 |
| 020 ## - Международен стандартен номер на книга ISBN | |
| Международен стандартен номер на книга ISBN | 954-769-005-1 |
| -- | издат.: Обсидиан |
| 040 ## - Източник на каталожния запис | |
| Идентификатор на билиотеката - собственик на записа | BLK |
| 041 ## - Код за език | |
| Код за езика на текст/звукозапис или на отделно заглавие | Български |
| Код за езика КДБФ | Български |
| 080 ## - УДК | |
| Текстов определител УДК | Бразилска литература |
| УДК код - определител по УДК | 821.134.3(81) |
| УДК определител | -31 |
| УДК - код + определител | 821.134.3(81)-31 |
| 100 1# - Редна дума - Автор | |
| Автор | Коелю, Паулу |
| Авторска отговорност | първи автор |
| R(LIN) | 80439 |
| 139 ## - Редно поле | |
| Редна дума | Коелю, Паулу |
| Авторски знак | Кодж - К 73 |
| 245 10 - Сведения за заглавието | |
| Заглавие | Демонът и сеньорита Прим |
| Подзаглавни данни | Роман |
| Редно поле (дума) | Паулу Коелю; прев. от португ. Даниела Петрова. |
| 257 ## - Страна на издаване | |
| Страна на създаване/издаване | Бразилия |
| 260 ## - Област на издателските данни | |
| -- | София |
| Име на издателя, разпространителя и проч. | Обсидиан |
| Година на издаване | 2001 |
| Печатница | София : Балканпрес АД |
| 300 ## - Физическа характеристика | |
| Страници | 175 с. |
| Размери/Мащаб | 20 см |
| 380 ## - Жанр | |
| Жанр | Худож. лит. |
| 490 1# - СЕРИИ (Колекции) | |
| Име на серия | Библиотека Паулу Коелю |
| 500 ## - Общи забележки | |
| Забележка | Ориг. загл. O demonio e a srta. Prim / Paulo Coelho. - Офс. изд. Романът е кн. 3 от трилогията И на седмия ден..., продълж. на Край реката Пиедра седнах и заплаках ; Вероника решава да умре. |
| 653 ## - Ключова дума – ненормативна | |
| Ключова дума | романи |
| 700 1# - Други автори (авторска отговорност) | |
| Лично име | Петрова, Даниела |
| Автороска отговорност (Описва отношението между автора и произведението) | прев. от португ. |
| 9 (RLIN) | 366318 |
| 852 ## - Местоположение | |
| Форматна сигнатура | Цб 208309 |
| 856 4# - Електронен адрес и достъп | |
| Електронен формат | pdf - файл |
| Път до файла /url/ | |
| 856 4# - Електронен адрес и достъп | |
| Електронен формат | pdf - файл |
| Път до файла /url/ | |
| 942 ## - АРТИКУЛИ | |
| Вид на библиотечния материал | Книги |
| Скрит в OPAC | Не |
| Koha issues (borrowed), all copies | 15 |
| 944 ## - СЪЗДАВАНЕ И РЕДАКЦИЯ на ЗАПИСА | |
| Създаване/Редакция | Създаване |
| Дата на регистрацията/редакция | 15.01.2003 |
| Статус, дата на статуса | Цветелина Шанова |
| Служител, извършил регистрацията/редакцията | 30531 |
| 944 ## - СЪЗДАВАНЕ И РЕДАКЦИЯ на ЗАПИСА | |
| Създаване/Редакция | Редакция |
| Дата на регистрацията/редакция | 22.07.2011 |
| Статус, дата на статуса | ф / |
| Служител, извършил регистрацията/редакцията | |
| 999 ## - СИСТЕМНИ КОНТРОЛНИ НОМЕРА | |
| Koha biblionumber | 33061 |
| Koha biblioitemnumber | 33061 |
| Код за отписване | Код за изгубен артикул | Източник на класификационната схема | Код за повреда | Коз за рестрикции | Код за отдаване | Артикулен № | Име на библиотеката - собственик | Име на библиотеката, в която се намира в момента | Статус (Текущо местоположение) | Дата на вписване в системата | Местоположение - отдел | Цена в лева | Инвентарен номер | Систематично азбучна сигнатура | Баркод | Номер на екземпляра | Цена в евро | Служебна бележка | Служебен тип на артикула |
|---|---|---|---|---|---|---|---|---|---|---|---|---|---|---|---|---|---|---|---|
| Изтеглен | Не е изгубен | Universal Decimal Classification | Не е повреден | без рестрикции | заемане за дома | 52827 | Регионална библиотека "Любен Каравелов" Русе | Регионална библиотека "Любен Каравелов" Русе | Заемна - подръчен фонд | 2001-01-01 | Заемна - подръчен фонд | 6.00 | 663330 | П 821-31/К 73 | 120000663330 | 1 | 3.07 | Дост: Pk Вид: Ф N: стар фонд Дата: 01.01.2001 Дата инв: 09.02.2018 Бележки инв: П2018 | Книги |
| Изтеглен | Не е изгубен | Universal Decimal Classification | Не е повреден | без рестрикции | заемане за дома | 52828 | Регионална библиотека "Любен Каравелов" Русе | Регионална библиотека "Любен Каравелов" Русе | Заемна - подръчен фонд | 2001-01-01 | Заемна - подръчен фонд | 6.00 | 663331 | П 869.0-31/К 73 | 663331 | 2 | 3.07 | Дост: Pk Вид: Ф N: стар фонд Дата: 01.01.2001 | Книги |
| Не е изгубен | Universal Decimal Classification | Не е повреден | без рестрикции | ползва се в читалня | 52829 | Регионална библиотека "Любен Каравелов" Русе | Регионална библиотека "Любен Каравелов" Русе | Хранилище | 2001-01-01 | Хранилище | 6.00 | 666639 | Цб 208309 | 120000666639 | 3 | 3.07 | Дост: Dp Вид: Д N: стар фонд Дата: 01.01.2001 | Книги | |
| Не е изгубен | Universal Decimal Classification | Не е повреден | без рестрикции | заемане за дома | 52830 | Регионална библиотека "Любен Каравелов" Русе | Регионална библиотека "Любен Каравелов" Русе | Заемна - подръчен фонд | 2003-07-10 | Заемна - подръчен фонд | 6.00 | 120000677425 | П 821-31/К 73 | 120000677425 | 4 | 3.07 | Дост: Pk Вид: Ф N: 22 Дата: 10.07.2003 Дата инв: 09.02.2018 Бележки инв: П2018 | Книги | |
| Не е изгубен | Universal Decimal Classification | Не е повреден | без рестрикции | заемане за дома | 52831 | Регионална библиотека "Любен Каравелов" Русе | Регионална библиотека "Любен Каравелов" Русе | Заемна - подръчен фонд | 2011-07-21 | Заемна - подръчен фонд | 6.00 | 120000752244 | П 821-31/К 73 | 120000752244 | 5 | 3.07 | Дост: DA Вид: А N: 12 Дата: 21.07.2011 Дата инв: 09.02.2018 Бележки инв: П2018 | Книги |